Quy hoạch môi trường phát triển bền vững /

সংরক্ষণ করুন:
গ্রন্থ-পঞ্জীর বিবরন
প্রধান লেখক: Nguyễn Thế Thôn.
বিন্যাস: Sách giấy
ভাষা:Vietnamese
প্রকাশিত: H. : Khoa học và Kỹ thuật, 2004.
বিষয়গুলি:
ট্যাগগুলো: ট্যাগ যুক্ত করুন
কোনো ট্যাগ নেই, প্রথমজন হিসাবে ট্যাগ করুন!
Thư viện lưu trữ: Thư viện Trường Đại học Đà Lạt
LEADER 00798nam a2200301 4500
001 DLU060052335
005 ##20110922
040 # # |a DLU  |b vie 
041 # # |a vie 
044 # # |a vn 
082 # # |a 363.7  |b NG-T 
100 # # |a Nguyễn Thế Thôn. 
245 # # |a Quy hoạch môi trường phát triển bền vững /  |c Nguyễn Thế Thôn. 
260 # # |a H. :  |b Khoa học và Kỹ thuật,  |c 2004. 
300 # # |a 220 tr. ;  |c 27 cm. 
650 # # |a Phân tích tác động môi trường  |v Giáo trình. 
650 # # |a Quản lý môi trường  |v Giáo trình. 
923 # # |a 03/2006 
991 # # |a GT 
992 # # |a 35000 
994 # # |a DLU 
900 # # |a True 
911 # # |a Đào Thị Thu Huyền 
925 # # |a G 
926 # # |a A 
927 # # |a SH 
980 # # |a Thư viện Trường Đại học Đà Lạt